[Event "PHI-ch sf (Women)"]
[Site "Manila"]
[Date "2014.??.??"]
[Round "7"]
[White "Donguines, Cherry Lyn"]
[Black "Melicano, Kris Angelique"]
[Result "1/2-1/2"]
[WhiteElo "1855"]
[BlackElo "1860"]
[PlyCount "80"]
[EventDate "2014.03.??"]
[EventType "swiss"]
[EventRounds "9"]
[EventCountry "PHI"]
[SourceTitle "EXT 2016"]
[Source "ChessBase"]
[SourceDate "2015.10.08"]
[SourceVersion "1"]
[SourceVersionDate "2015.10.08"]
[SourceQuality "1"]

1. d4 Nf6 2. c4 g6 3. Nc3 Bg7 4. e4 d6 5. f3 0-0 6. Bd3 Nbd7 7. Nge2 c5 8. d5 Ne5 9. a3 Nxd3+ 10. Qxd3 Rb8 11. b4 Nd7 12. Ng3 a6 13. Rb1 Qc7 14. Bd2 cxb4 15. Rxb4 Ne5 16. Qe2 Bd7 17. a4 Rfc8 18. Nd1 a5 19. Rb1 Qxc4 20. Bxa5 Bxa4 21. Ne3 Qxe2+ 22. Kxe2 b5 23. Bb4 Nd7 24. Rhc1 Bd4 25. Ngf1 Bc5 26. Nd2 Bxb4 27. Rxc8+ Rxc8 28. Rxb4 Nc5 29. Nd1 Na6 30. Rb1 b4 31. f4 Kg7 32. g4 e6 33. g5 exd5 34. exd5 Bd7 35. Kf3 h5 36. Ne3 Rc3 37. Ne4 Rd3 38. Nxd6 Bg4+ 39. Kf2 Rd2+ 40. Kg3 Bd7 1/2-1/2